Geo-strategic dynamics of Indo-Sri Lanka relations.
| Main Author: | |
|---|---|
| Format: | Book |
| Published: |
Colombo:
S.W.R.D. Bandaraike National Memorial Foundation,
1996.
|
| Subjects: |
| LEADER | 00525cam a2200169 7i4500 | ||
|---|---|---|---|
| 001 | 0000006082 | ||
| 005 | 19991025090000.0 | ||
| 002 | ##000007737 | ||
| 020 | 0 | 0 | |a 955-9147-19-6 |
| 090 | 0 | 0 | |a SRLA 327.1 |b SHA |
| 100 | 0 | 0 | |a Shaheen Akhtar |
| 245 | 0 | 0 | |a Geo-strategic dynamics of Indo-Sri Lanka relations. |
| 260 | 0 | 0 | |a Colombo: |b S.W.R.D. Bandaraike National Memorial Foundation, |c 1996. |
| 300 | 0 | 0 | |a 83 p.. |
| 650 | 0 | 0 | |a Sri Lanka -- |x Foreign relations |
| 651 | 0 | 0 | |a Sri Lanka |
| 999 | |a 0000008858 |b Book |c Open shelf |e Business Information Centre | ||


